Global navigation satellite systems, inertial navigation, and integration / (Record no. 531785)

000 -LEADER
fixed length control field 01444cam a22003974i 4500
001 - CONTROL NUMBER
control field 17512524
003 - CONTROL NUMBER IDENTIFIER
control field NUST
005 - DATE AND TIME OF LATEST TRANSACTION
control field 20191028102144.0
008 - FIXED-LENGTH DATA ELEMENTS--GENERAL INFORMATION
fixed length control field 121030s2013 njua 001 0 eng
010 ## - LIBRARY OF CONGRESS CONTROL NUMBER
LC control number 2012032753
020 ## - INTERNATIONAL STANDARD BOOK NUMBER
International Standard Book Number 9781118447000 (cloth)
038 ## - RECORD CONTENT LICENSOR
Staff Name MSOHAIL
040 ## - CATALOGING SOURCE
Original cataloging agency DLC
Language of cataloging eng
Transcribing agency DLC
Description conventions rda
Modifying agency DLC
042 ## - AUTHENTICATION CODE
Authentication code pcc
050 00 - LIBRARY OF CONGRESS CALL NUMBER
Classification number G109.5
Item number .G74 2013
082 00 - DEWEY DECIMAL CLASSIFICATION NUMBER
Classification number 910.285
Edition number 23
100 1# - MAIN ENTRY--PERSONAL NAME
Personal name Grewal, Mohinder S.
9 (RLIN) 24840
240 10 - UNIFORM TITLE
Uniform title Global positioning systems, inertial navigation, and integration
245 10 - TITLE STATEMENT
Title Global navigation satellite systems, inertial navigation, and integration /
Statement of responsibility, etc. Mohinder S. Grewal, Angus P. Andrews, Chris Bartone.
250 ## - EDITION STATEMENT
Edition statement Third edition.
264 #1 - PRODUCTION, PUBLICATION, DISTRIBUTION, MANUFACTURE, AND COPYRIGHT NOTICE
Place of production, publication, distribution, manufacture Hoboken :
Name of producer, publisher, distributor, manufacturer John Wiley & Sons,
Date of production, publication, distribution, manufacture, or copyright notice 2013.
300 ## - PHYSICAL DESCRIPTION
Extent xl, 561 pages :
Other physical details illustrations ;
Dimensions 24 cm
336 ## - CONTENT TYPE
Content type term text
Source rdacontent
337 ## - MEDIA TYPE
Media type term unmediated
Source rdamedia
338 ## - CARRIER TYPE
Carrier type term volume
Source rdacarrier
500 ## - GENERAL NOTE
General note Includes index.
500 ## - GENERAL NOTE
General note Originally published under title: Global positioning systems, inertial navigation, and integration.
650 #0 - SUBJECT ADDED ENTRY--TOPICAL TERM
Topical term or geographic name entry element Global Positioning System.
9 (RLIN) 21037
650 #0 - SUBJECT ADDED ENTRY--TOPICAL TERM
Topical term or geographic name entry element Inertial navigation.
9 (RLIN) 24838
650 #0 - SUBJECT ADDED ENTRY--TOPICAL TERM
Topical term or geographic name entry element Kalman filtering.
9 (RLIN) 24841
700 1# - ADDED ENTRY--PERSONAL NAME
Personal name Andrews, Angus P.
9 (RLIN) 24842
700 1# - ADDED ENTRY--PERSONAL NAME
Personal name Bartone, Chris.
9 (RLIN) 24843
906 ## - LOCAL DATA ELEMENT F, LDF (RLIN)
a 7
b cbc
c orignew
d 1
e ecip
f 20
g y-gencatlg
942 ## - ADDED ENTRY ELEMENTS (KOHA)
Source of classification or shelving scheme
Koha item type Book
Holdings
Withdrawn status Lost status Source of classification or shelving scheme Damaged status Not for loan Permanent Location Current Location Date acquired Total Checkouts Full call number Barcode Date last seen Price effective from Koha item type
          School of Civil and Environmental Engineering (SCEE) School of Civil and Environmental Engineering (SCEE) 10/28/2019   910.285 NIT-11729 10/28/2019 10/28/2019 Book
© 2023 Central Library, National University of Sciences and Technology. All Rights Reserved.